Dilemmas of democratic politics in India, (Record no. 80117)

MARC details
000 -LEADER
fixed length control field 01095cam a2200265 4500
001 - CONTROL NUMBER
control field sa 68004320
003 - CONTROL NUMBER IDENTIFIER
control field DLC
005 - DATE AND TIME OF LATEST TRANSACTION
control field 20260227112501.0
008 - FIXED-LENGTH DATA ELEMENTS--GENERAL INFORMATION
fixed length control field 681119s1966 ii b 100 0 eng
010 ## - LIBRARY OF CONGRESS CONTROL NUMBER
LC control number sa 68004320
025 ## - OVERSEAS ACQUISITION NUMBER
Overseas acquisition number PL480:I-E-6161
040 ## - CATALOGING SOURCE
Original cataloging agency DLC
Transcribing agency DLC
Modifying agency DLC
050 00 - LIBRARY OF CONGRESS CALL NUMBER
Classification number JQ218
Item number .S4 1965
082 00 - DEWEY DECIMAL CLASSIFICATION NUMBER
Classification number 320/.0954
111 2# - MAIN ENTRY--MEETING NAME
Meeting name or jurisdiction name as entry element Seminar on the Dilemmas of Democratic Politics in India,
Location of meeting Dharwar, India,
Date of meeting or treaty signing 1965.
245 10 - TITLE STATEMENT
Title Dilemmas of democratic politics in India,
Statement of responsibility, etc. edited by G. S. Halappa.
260 ## - PUBLICATION, DISTRIBUTION, ETC.
Place of publication, distribution, etc. Bombay,
Name of publisher, distributor, etc. Manaktalas
Date of publication, distribution, etc. [1966]
300 ## - PHYSICAL DESCRIPTION
Extent xiv, 295 p.
Dimensions 23 cm.
504 ## - BIBLIOGRAPHY, ETC. NOTE
Bibliography, etc. note Includes bibliographies.
500 ## - GENERAL NOTE
General note "This volume is the outcome of the Seminar on the Dilemmas of Democratic Politics in India organized under the joint auspices of the U.G.C. and the Department of Political Science, Karnatak University Dharwar, in January 1965."
651 #0 - SUBJECT ADDED ENTRY--GEOGRAPHIC NAME
Geographic name India
General subdivision Politics and government.
700 1# - ADDED ENTRY--PERSONAL NAME
Personal name Hālappa, Ga. Sa.
710 1# - ADDED ENTRY--CORPORATE NAME
Corporate name or jurisdiction name as entry element India.
Subordinate unit University Grants Commission.
710 2# - ADDED ENTRY--CORPORATE NAME
Corporate name or jurisdiction name as entry element Karnatak University, Dharwar, India.
Subordinate unit Department of Political Science.

No items available.

Powered by Koha